Online Catalogue and eLibrary

The Kaleidoscope of Gender: (Record no. 5970)

MARC details
000 -LEADER
fixed length control field 00762cam a2200253 i 4500
001 - CONTROL NUMBER
control field 18838672
005 - DATE AND TIME OF LATEST TRANSACTION
control field 20250130013103.0
008 - FIXED-LENGTH DATA ELEMENTS--GENERAL INFORMATION
fixed length control field 151030s2017 cau b 000 0 eng
020 ## - INTERNATIONAL STANDARD BOOK NUMBER
ISBN 9781483379487
040 ## - CATALOGING SOURCE (பட்டியலாக்க மூலம்)
Original cataloging agency DLC
Language of cataloging eng
Transcribing agency DLC
Description conventions rda
Modifying agency DLC
082 00 - DDC Classification
Class No. 305.3
DDC Edition Number 7041
Item Number - Author Mark SPA
245 04 - TITLE STATEMENT
Title The Kaleidoscope of Gender:
Remainder of title Prisms, Patterns, and Possibilities
250 ## - EDITION STATEMENT
Edition statement Fifth Edition.
260 ## - PUBLICATION, DISTRIBUTION, ETC.
Place of publication, distribution, etc. California;
-- London;
-- New Delhi;
-- Singapore
Name of publisher, distributor, etc. SAGE Publications
Date of publication, distribution, etc. 2017
300 ## - PHYSICAL DESCRIPTION
Extent (e.g. Volumes, Pages etc.) xxvii, 657 p.,
650 #0 - SUBJECT ADDED ENTRY--TOPICAL TERM
Topical term or geographic name entry element Sex Role.
650 #0 - SUBJECT ADDED ENTRY--TOPICAL TERM
Topical term or geographic name entry element Sex Differences (Psychology)
650 #0 - SUBJECT ADDED ENTRY--TOPICAL TERM
Topical term or geographic name entry element Gender Identity.
650 #0 - SUBJECT ADDED ENTRY--TOPICAL TERM
Topical term or geographic name entry element Man-Woman Relationships.
650 #0 - SUBJECT ADDED ENTRY--TOPICAL TERM
Topical term or geographic name entry element Interpersonal Relations.
700 1# - ADDED ENTRY--PERSONAL NAME
Personal name Spade, J. Z
Relator term (Role) Editor
700 1# - ADDED ENTRY--PERSONAL NAME
Personal name Valentine, C. G
Relator term (Role) Editor
942 ## - Koha item type (Biblio)
Koha item type Books in Stacks (Lending)
Holdings
Lost status Damaged status Collection code Home library Current library Date acquired Full call number Accession Number Item type
    Lending WERC Library WERC Library 01/30/2025 305.3 SPA 7041 Books in Stacks (Lending)

© WERC Library